<?xml version="1.0" encoding="UTF-8"?>
<marc:record xmlns:marc="http://www.loc.gov/MARC21/slim">
   <marc:leader>00000nam a2200000 a 4500</marc:leader>
   <marc:datafield ind1="1" ind2=" " tag="100">
      <marc:subfield code="a">Honsal, Claudio</marc:subfield>
      <marc:subfield code="4">aut</marc:subfield>
      <marc:subfield code="e">Verfasser/-in</marc:subfield>
   </marc:datafield>
   <marc:datafield ind1="0" ind2="0" tag="245">
      <marc:subfield code="a">Peter Alexander</marc:subfield>
   </marc:datafield>
   <marc:datafield ind1="0" ind2="0" tag="245">
      <marc:subfield code="b">Das Leben ist lebenswert</marc:subfield>
   </marc:datafield>
   <marc:datafield ind1=" " ind2="1" tag="264">
      <marc:subfield code="b">Amalthea</marc:subfield>
      <marc:subfield code="c">2007</marc:subfield>
   </marc:datafield>
   <marc:datafield ind1="1" ind2=" " tag="520">
      <marc:subfield code="a">Alle wichtigen Lebens- und Karrierestationen des Showstars werden durch Selbstzeugnisse Peter Alexanders und Aussagen seiner geliebten Gattin Hilde beleuchtet. Umfangreiches, zum Tiel erstmals veröffentlichtes Bildmaterial, Anekdoten sowie Berichte und Erinnerungen seiner Kinder, Freunde und Wegbegleiter machen das Buch zu einem umfassenden Lebensbild des großen Künstlers.</marc:subfield>
   </marc:datafield>
   <marc:datafield ind1=" " ind2=" " tag="020">
      <marc:subfield code="a">9783850029261</marc:subfield>
      <marc:subfield code="9">9783850029261</marc:subfield>
   </marc:datafield>
</marc:record>
